| 000 | 00560nam a22002171c 4500 | ||
|---|---|---|---|
| 001 | a987663000 | ||
| 008 | 090209s1997 gw |||| 000u rus d | ||
| 041 | _arus | ||
| 100 | 1 | _aŠpaltykov, Vladimir P. | |
| 245 | 0 | 0 | _aFormirovanie i razvitie rynočnogo chozjajstva v Zapadnoj Sibiri v pervoj polovine XIX v. |
| 264 |
_aOmsk : _bLitograf, _c1997 |
||
| 650 | 0 | _aWirtschaft | |
| 650 | 0 | _aMarkt | |
| 650 | 0 | _aStatistik | |
| 650 | 0 | _aPreise | |
| 651 | 0 | _aSibirien | |
| 651 | 0 | _aWestsibirien | |
| 942 | _cMG | ||
| 040 | _cRU-10907106 | ||
| 003 | RU-10907106 | ||
| 999 |
_c16527 _d16527 |
||